International routes from Gatwick International Airport (LGW)Part 2 - Statistics

General Stats
  • This quiz has been taken 11 times
  • The average score is 140 of 172
Answer Stats
Airline International Route Country % Correct
Jet.2.com Agadir Morocco
100%
TUI Airways Agadir Morocco
100%
Ryanair Alicante Spain
100%
TUI Airways Alicante Spain
100%
Vueling Alicante Spain
100%
Vueling Bilbao Spain
100%
JetBlue Boston United States of America
100%
Jet.2.com Burgas Bulgaria
100%
TUI Airways Burgas Bulgaria
100%
Royal Air Maroc Casablanca Morocco
100%
TUI Airways Chania Greece
100%
Jet.2.com Corfu Greece
100%
TUI Airways Corfu Greece
100%
Jet.2.com Funchal Portugal
100%
Jet.2.com Gdansk Poland
100%
Jet.2.com Geneva Switzerland
100%
Swiss International Airlines Geneva Switzerland
100%
TUI Airways Geneva Switzerland
100%
TUI Airways Gran Canaria Spain
100%
Jet.2.com Ibiza Spain
100%
TUI Airways Ibiza Spain
100%
Jet.2.com Kalamata Greece
100%
Jet.2.com Kos Greece
100%
TUI Airways Kos Greece
100%
Wizz Air Krakow Poland
100%
TUI Airways La Palma Spain
100%
TUI Airways Larnaca Italy
100%
Wizz Air Larnaca Spain
100%
Jet.2.com Malaga Spain
100%
TUI Airways Malaga Spain
100%
Vueling Malaga Spain
100%
Wizz Air Malaga Spain
100%
TUI Airways Marrakesh Morocco
100%
Wizz Air Marrakesh Morocco
100%
Kenya Airways Nairobi-Jomo Kenyatta Kenya
100%
Norse Atlantic Airways New York-JFK United States of America
100%
Jet.2.com Palma de Mallorca Spain
100%
TUI Airways Palma de Mallorca Spain
100%
Jet.2.com Paphos Cyprus
100%
TUI Airways Paphos Cyprus
100%
TUI Airways Phuket Thailand
100%
Vueling Santiago de Compostela Spain
100%
Jet.2.com Sharm El Sheikh Egypt
100%
TUI Airways Sharm El Sheikh Egypt
100%
Wizz Air Sharm El Sheikh Egypt
100%
TUI Airways Sofia Bulgaria
100%
TUI Airways Split Croatia
100%
WestJet St. John's Canada
100%
Royal Air Maroc Tangier Morocco
100%
Jet.2.com Thessaloniki Greece
100%
TUI Airways Thessaloniki Greece
100%
TUI Airways Toulouse France
100%
Vueling Valencia Spain
100%
Wizz Air Valencia Spain
100%
Jet.2.com Vienna Austria
100%
TUI Airways Vienna Austria
100%
Wizz Air Warsaw-Chopin Poland
100%
Wizz Air Wroclaw Poland
100%
Jet.2.com Zakynthos Greece
100%
TUI Airways Zakynthos Greece
100%
Swiss International Airlines Zurich Switzerland
100%
SunExpress Antalya Turkiye
86%
TUI Airways Antalya Turkiye
86%
Wizz Air Antalya Turkiye
86%
Turkmenistan Airlines Ashgabat Turkmenistan
86%
Sky Express Athens Greece
86%
Norse Atlantic Airways Bangkok-Suvarnabhumi Thailand
86%
TUI Airways Barbados Barbados
86%
Vueling Barcelona Spain
86%
SunExpress Bodrum Turkiye
86%
TUI Airways Budapest Hungary
86%
Wizz Air Budapest Hungary
86%
TUI Airways Cancun Mexico
86%
Norse Atlantic Airways Cape Town South Africa
86%
Ryanair Cork Ireland
86%
TUI Airways Dakar Senegal
86%
Qatar Airways Doha Qatar
86%
Ryanair Dublin Ireland
86%
TUI Airways Dubrovnik Croatia
86%
TUI Airways Dusseldorf Germany
86%
Uganda Airlines Entebbe Uganda
86%
Wizz Air Faro Portugal
86%
TUI Airways Hurghada Egypt
86%
TUI Airways Innsbruck Austria
86%
Saudia Jeddah Saudi Arabia
86%
Wizz Air Jeddah Saudi Arabia
86%
Jet.2.com Kefalonia Greece
86%
TUI Airways Kefalonia Greece
86%
TUI Airways Luxor Egypt
86%
Wizz Air Lyon France
86%
TUI Airways Montego Bay Jamaica
86%
TUI Airways Ohrid North Macedonia
86%
TUI Airways Olbia Italy
86%
TUI Airways Oslo Norway
86%
Wizz Air Prague Czechia
86%
Jet.2.com Pula Croatia
86%
TUI Airways Punta Cana Dominican Republic
86%
TUI Airways Reykjavik-Keflavik Iceland
86%
Jet.2.com Rhodes Greece
86%
TUI Airways Rhodes Greece
86%
TUI Airways Sal Cape Verde
86%
TUI Airways Salzburg Austria
86%
Wizz Air Santorini Greece
86%
Vueling Seville Spain
86%
Ryanair Shannon Ireland
86%
Singapore Airlines Singapore Singapore
86%
Jet.2.com Tallinn Estonia
86%
Qanot Sharq Tashkent Uzbekistan
86%
Uzbekistan Airways Tashkent Uzbekistan
86%
Wizz Air Tel Aviv Israel
86%
Jet.2.com Tenerife-South Spain
86%
TUI Airways Tenerife-South Spain
86%
Wizz Air Tirana Albania
86%
Tunisair Tunis Tunisia
86%
Jet.2.com Turin Italy
86%
TUI Airways Turin Italy
86%
Jet.2.com Verona Italy
86%
TUI Airways Verona Italy
86%
TUI Airways Banjul Gambia
71%
Jet.2.com Cologne Germany
71%
SunExpress Dalaman Turkiye
71%
TUI Airways Dalaman Turkiye
71%
Wizz Air Dalaman Turkiye
71%
TUI Airways Enfidha Tunisia
71%
Vueling Florence Italy
71%
TUI Airways Fuerteventura Spain
71%
WestJet Halifax Canada
71%
Turkish Airlines Istanbul Turkiye
71%
Wizz Air Istanbul Turkiye
71%
SunExpress Izmir Turkiye
71%
TUI Airways Jerez Spain
71%
TUI Airways Kittila Finland
71%
Jet.2.com Lanzarote Spain
71%
TUI Airways Lanzarote Spain
71%
Wizz Air Medina Saudi Arabia
71%
Jet.2.com Menorca Spain
71%
TUI Airways Menorca Spain
71%
Jet.2.com Naples Italy
71%
TUI Airways Naples Italy
71%
TUI Airways Rovaniemi Finland
71%
Jet.2.com Skiathos Greece
71%
TUI Airways Skiathos Greece
71%
Jet.2.com Valetta Malta
71%
KM Malta Airlines Valetta Malta
71%
Vueling Asturias Spain
57%
TUI Airways Boa Vista Cape Verde
57%
Sky Alps Bolzano Italy
57%
TUI Airways Goa-Mopa India
57%
TUI Airways La Romana Dominican Republic
57%
Norse Atlantic Airways Los Angeles United States of America
57%
TUI Airways Marsa Alam Egypt
57%
Norse Atlantic Airways Orlando United States of America
57%
TUI Airways Orlando-Melbourne United States of America
57%
Jet.2.com Preveza Greece
57%
Jet.2.com Girona Spain
43%
TUI Airways Girona Spain
43%
Jet.2.com Grenoble France
43%
Wizz Air Grenoble France
43%
TUI Airways Ivalo Finland
43%
TUI Airways Lamezia Terme Italy
43%
Jet.2.com Reus Spain
43%
TUI Airways Reus Spain
43%
TUI Airways Samos Greece
43%
Jet.2.com Heraklion Greece
29%
TUI Airways Heraklion Greece
29%
TUI Airways Kuusamo Finland
29%
Jet.2.com Mytilene Greece
29%
Wizz Air Podgorica Montenegro
29%
TUI Airways Salen Sweden
29%
Jet.2.com Chambery France
14%
TUI Airways Chambery France
14%
Royal Air Maroc Tetouan Morocco
14%
No matching quizzes found
Score Distribution
Percent of People with Each Score
Percentile by Number Answered
Your Score History
You have not taken this quiz